LEADER 00894nam0-22002891i-450- 001 990005440560403321 005 20080214092524.0 035 $a000544056 035 $aFED01000544056 035 $a(Aleph)000544056FED01 035 $a000544056 100 $a19990604d1965----km-y0itay50------ba 101 0 $aita 105 $ay-------001yy 200 1 $aStudi sulla fortuna del Machiavelli$fGiuliano Procacci 210 $aRoma$cIstituto Storico Italiano per l'Età Moderna e Contemporanea$d1965 215 $aXI, 465 p.$d23 cm 225 1 $aStudi di storia moderna e contemporanea 676 $a320.5092 700 1$aProcacci,$bGiuliano$f<1926-2008>$0126926 801 0$aIT$bUNINA$gRICA$2UNIMARC 901 $aBK 912 $a990005440560403321 952 $a320.5 MAC 7$bST.MED.MOD. 2031$fFLFBC 959 $aFLFBC 996 $aStudi sulla fortuna del Machiavelli$9592195 997 $aUNINA LEADER 02152oam 2200601Ia 450 001 9910701461303321 005 20120217151332.0 035 $a(CKB)5470000002418464 035 $a(OCoLC)760963800 035 $a(EXLCZ)995470000002418464 100 $a20111114d1988 ua 0 101 0 $aeng 135 $aurbn||||||||| 181 $ctxt$2rdacontent 182 $cc$2rdamedia 183 $acr$2rdacarrier 200 10$aRule-based air combat simulation$b[electronic resource] /$fG.H. Burgin and L.B. Sidor 210 1$aWashington, D.C. :$cNational Aeronautics and Space Administration, Scientific and Technical Information Division,$d1988. 215 $a1 online resource (137 unnumbered pages) $cillustrations 225 1 $aNASA contractor report ;$v4160 300 $aTitle from title screen (viewed on Feb. 17, 2012). 300 $a"Prepared for Ames Research Center Dryden Flight Research Facility." 300 $a"Performing organization, Titan Systems, Inc"--Technical rept. documentation p. 320 $aIncludes bibliographical references (page [119-120]). 606 $aAircraft maneuvers$2nasat 606 $aAttitude control$2nasat 606 $aCombat$2nasat 606 $aComputer programs$2nasat 606 $aComputerized simulation$2nasat 606 $aDecision making$2nasat 606 $aRules$2nasat 606 $aFighter plane combat$xSimulation methods 606 $aFighter plane combat$xComputer programs 615 7$aAircraft maneuvers. 615 7$aAttitude control. 615 7$aCombat. 615 7$aComputer programs. 615 7$aComputerized simulation. 615 7$aDecision making. 615 7$aRules. 615 0$aFighter plane combat$xSimulation methods. 615 0$aFighter plane combat$xComputer programs. 700 $aBurgin$b George H$01405933 701 $aSidor$b L. B$01405934 712 02$aTitan Systems Inc. 712 02$aDryden Flight Research Facility. 801 0$bOCLCE 801 1$bOCLCE 801 2$bGPO 906 $aBOOK 912 $a9910701461303321 996 $aRule-based air combat simulation$93483485 997 $aUNINA